[Event "CP-2014-Q-00012"]
[Site "LSS email"]
[Date "2014.12.02"]
[Round "?"]
[White "Rutten, David"]
[Black "Jovanovic, Bratislav M"]
[Result "1-0"]
[WhiteElo "2351"]
[BlackElo "2127"]
[PlyCount "118"]
[EventDate "2014.12.08"]
[EventType "tourn (corr)"]
[EventRounds "6"]
[EventCountry "GER"]
[SourceTitle "Corr 2022"]
[Source "ChessBase"]
[SourceDate "2021.10.24"]
[SourceVersion "1"]
[SourceVersionDate "2021.10.24"]
[SourceQuality "1"]

1. d4 f5 2. g3 Nf6 3. c4 e6 4. Bg2 d5 5. Nf3 c6 6. 0-0 Bd6 7. b3 Qe7 8. Bb2 b6 9. Nbd2 0-0 10. Ne5 Bb7 11. Rc1 a5 12. e3 Na6 13. Qe2 Bxe5 14. dxe5 Ne4 15. Rfd1 a4 16. f3 Nxd2 17. Rxd2 axb3 18. axb3 c5 19. f4 Nc7 20. h3 h6 21. g4 g6 22. Kh2 Kh7 23. Bf3 Bc6 24. Rg1 Rg8 25. Qf1 b5 26. Rdg2 Qd7 27. cxb5 Bxb5 28. Qd1 Na6 29. Bc3 Bc6 30. Qc2 Qe7 31. Rg3 Rab8 32. Qg2 Qf7 33. gxf5 exf5 34. Bh5 Be8 35. Ba5 Qe6 36. Bf3 Bc6 37. h4 Rg7 38. Rd1 Rxb3 39. Bd8 c4 40. Bf6 c3 41. Bxg7 Rb2 42. Bf6 Rxg2+ 43. Rxg2 Nc7 44. Ra1 Qe8 45. Bh5 d4 46. Rg3 Qf7 47. Bxg6+ Qxg6 48. Rag1 Qxg3+ 49. Rxg3 Ne6 50. exd4 c2 51. Rc3 Ba4 52. h5 Nxf4 53. Rc7+ Kg8 54. Be7 Nxh5 55. Ba3 Nf4 56. Rc4 Bb3 57. Rc3 Ba4 58. Rf3 Nd5 59. Rxf5 Kg7 1-0

[Event "CP-2014-Q-00012"]
[Site "LSS email"]
[Date "2014.12.02"]
[Round "?"]
[White "Stolz, Stephan"]
[Black "Rutten, David"]
[Result "1/2-1/2"]
[WhiteElo "2327"]
[BlackElo "2351"]
[PlyCount "124"]
[EventDate "2014.12.08"]
[EventType "tourn (corr)"]
[EventRounds "6"]
[EventCountry "GER"]
[SourceTitle "Corr 2022"]
[Source "ChessBase"]
[SourceDate "2021.10.24"]
[SourceVersion "1"]
[SourceVersionDate "2021.10.24"]
[SourceQuality "1"]

1. d4 Nf6 2. Bf4 c5 3. e3 Nd5 4. Bg3 Qb6 5. Nc3 Nxc3 6. bxc3 e6 7. d5 Be7 8. Bd3 0-0 9. Ne2 d6 10. Rb1 Qc7 11. dxe6 fxe6 12. c4 Nd7 13. Nc3 Nf6 14. 0-0 Bd7 15. Nb5 Bxb5 16. Rxb5 Qc6 17. a4 Rad8 18. Qf3 Qxf3 19. gxf3 Rd7 20. Rfb1 b6 21. a5 Bd8 22. axb6 Bxb6 23. Ra1 Nh5 24. Kg2 g6 25. Rd1 Nxg3 26. hxg3 Kg7 27. Ra1 d5 28. cxd5 exd5 29. f4 c4 30. Bf1 d4 31. Rd1 Rfd8 32. e4 d3 33. cxd3 Kf7 34. Rd2 Ke7 35. Rc2 cxd3 36. Rd2 Rc7 37. Re5+ Kf8 38. Rxd3 Rxd3 39. Bxd3 Rd7 40. Be2 Rd2 41. Kf3 Ra2 42. Re6 Ra3+ 43. Kg2 Ra2 44. Rf6+ Ke7 45. Rf7+ Kxf7 46. Bc4+ Ke7 47. Bxa2 a5 48. Bb3 h5 49. Ba4 Kf6 50. f3 Bc5 51. e5+ Ke7 52. Bc2 Kf7 53. f5 gxf5 54. Bxf5 a4 55. Bb1 Ke6 56. f4 h4 57. g4 Be3 58. Ba2+ Kd7 59. f5 Bf4 60. Kh3 Bxe5 61. g5 Bd4 62. f6 Kd6 1/2-1/2